[Event "COL-ch U1800"]
[Site "Villamaria"]
[Date "2019.11.02"]
[Round "2"]
[White "Arguelles Ochoa, Julio Cesar"]
[Black "Bolanos Calvache, Brigeth Vanessa"]
[Result "1-0"]
[WhiteElo "1424"]
[BlackElo "1741"]
[PlyCount "31"]
[EventDate "2019.11.01"]
[EventType "swiss"]
[EventRounds "7"]
[EventCountry "COL"]
[SourceTitle "CBM 193 Extra"]
[Source "ChessBase"]
[SourceDate "2020.01.31"]
[SourceVersion "1"]
[SourceVersionDate "2020.01.31"]
[SourceQuality "1"]

1. e4 c5 2. Nf3 d6 3. d4 cxd4 4. Nxd4 Nf6 5. Nc3 a6 6. g3 e6 7. Bg2 Be7 8. 0-0 0-0 9. Re1 Qc7 10. Bg5 h6 11. Be3 Nc6 12. h3 Bd7 13. Nce2 Rac8 14. c3 Rfd8 15. g4 Bf8 16. Ng3 1-0

[Event "COL pre olympic sf3"]
[Site "Dosquebradas"]
[Date "2018.06.03"]
[Round "9"]
[White "Norena Marin, Jeronimo"]
[Black "Arguelles Ochoa, Julio Cesar"]
[Result "0-1"]
[WhiteElo "1348"]
[BlackElo "1495"]
[PlyCount "50"]
[EventDate "2018.05.30"]
[EventType "swiss"]
[EventRounds "10"]
[EventCountry "COL"]
[SourceTitle "CBM 184 Extra"]
[Source "ChessBase"]
[SourceDate "2018.06.28"]
[SourceVersion "1"]
[SourceVersionDate "2018.06.28"]
[SourceQuality "1"]

1. e4 c5 2. Nf3 d6 3. d4 cxd4 4. Nxd4 Nf6 5. Nc3 a6 6. Bg5 e6 7. Bc4 Be7 8. Qf3 Qc7 9. Bd3 Nbd7 10. 0-0-0 b5 11. a3 h6 12. Be3 Ne5 13. Qe2 Bd7 14. h4 Nc4 15. Bxc4 bxc4 16. g4 g6 17. g5 Ng8 18. gxh6 Nxh6 19. Bg5 Rb8 20. Na2 e5 21. Nf3 Bg4 22. Nb4 Qb6 23. c3 f6 24. Be3 Qb7 25. Nd5 Bxf3 0-1

[Event "COL-ch"]
[Site "Palmira"]
[Date "2017.05.19"]
[Round "7"]
[White "Arguelles Ochoa, Julio Cesar"]
[Black "Lopez Rayo, Santiago"]
[Result "1-0"]
[WhiteElo "1487"]
[BlackElo "1583"]
[PlyCount "63"]
[EventDate "2017.05.15"]
[EventType "swiss"]
[EventRounds "10"]
[EventCountry "COL"]
[SourceTitle "CBM 178 Extra"]
[Source "ChessBase"]
[SourceDate "2017.06.22"]
[SourceVersion "1"]
[SourceVersionDate "2017.06.22"]
[SourceQuality "1"]

1. e4 c5 2. Nf3 g6 3. d4 cxd4 4. Nxd4 Nc6 5. Be3 Nf6 6. Nc3 Bg7 7. Bc4 0-0 8. Bb3 d6 9. h3 a5 10. a3 Bd7 11. 0-0 Nxd4 12. Bxd4 Bc6 13. Re1 a4 14. Ba2 Qd7 15. Qd3 b5 16. Rad1 Rab8 17. e5 dxe5 18. Bxe5 Qxd3 19. Rxd3 Rbd8 20. Red1 Rxd3 21. Rxd3 Nd7 22. Bxg7 Kxg7 23. Bd5 Ne5 24. Bxc6 Nxd3 25. cxd3 b4 26. axb4 a3 27. bxa3 Rd8 28. Bb5 e6 29. f3 Kf8 30. a4 Rd4 31. Bc4 f5 32. Kf2 1-0

[Event "COL-ch"]
[Site "Palmira"]
[Date "2017.05.16"]
[Round "3"]
[White "Arguelles Ochoa, Julio Cesar"]
[Black "Salguero, Miguel Angel"]
[Result "1-0"]
[WhiteElo "1487"]
[BlackElo "1500"]
[PlyCount "79"]
[EventDate "2017.05.15"]
[EventType "swiss"]
[EventRounds "10"]
[EventCountry "COL"]
[SourceTitle "CBM 178 Extra"]
[Source "ChessBase"]
[SourceDate "2017.06.22"]
[SourceVersion "1"]
[SourceVersionDate "2017.06.22"]
[SourceQuality "1"]

1. e4 c6 2. d4 d5 3. Nd2 dxe4 4. Nxe4 Bf5 5. Ng3 Bg6 6. Nf3 Nf6 7. Bd3 Bxd3 8. Qxd3 Qa5+ 9. c3 e6 10. 0-0 Be7 11. b4 Qb5 12. Qc2 0-0 13. a4 Qd5 14. c4 Qd8 15. Rb1 Re8 16. Rd1 Nbd7 17. Bd2 Nf8 18. h3 Ng6 19. Bg5 Rc8 20. c5 b6 21. Bxf6 Bxf6 22. Qe4 bxc5 23. dxc5 Qe7 24. Rd6 Qb7 25. b5 Rb8 26. Qxc6 Qxc6 27. Rxc6 Rbc8 28. Rxc8 Rxc8 29. c6 Be7 30. Rd1 a6 31. Rd7 Kf8 32. Rb7 axb5 33. axb5 Bd6 34. Ne4 Bb8 35. Nc5 Bd6 36. Na6 Ne7 37. c7 Nd5 38. Rb8 Rxb8 39. cxb8Q+ Bxb8 40. Nxb8 1-0

[Event "COL-ch"]
[Site "Palmira"]
[Date "2017.05.15"]
[Round "1"]
[White "Arguelles Ochoa, Julio Cesar"]
[Black "Pardo, Alejandro"]
[Result "0-1"]
[WhiteElo "1487"]
[BlackElo "2151"]
[PlyCount "98"]
[EventDate "2017.05.15"]
[EventType "swiss"]
[EventRounds "10"]
[EventCountry "COL"]
[SourceTitle "CBM 178 Extra"]
[Source "ChessBase"]
[SourceDate "2017.06.22"]
[SourceVersion "1"]
[SourceVersionDate "2017.06.22"]
[SourceQuality "1"]

1. e4 e6 2. d4 d5 3. Nd2 dxe4 4. Nxe4 Nd7 5. Nf3 Be7 6. Bd3 Ngf6 7. 0-0 0-0 8. h3 c5 9. Be3 Nxe4 10. Bxe4 Nf6 11. Bd3 Nd5 12. Qe2 Bf6 13. c3 Nxe3 14. fxe3 Qb6 15. Kh1 Bd7 16. Nh2 Be7 17. Qc2 f5 18. Bc4 Kh8 19. Rad1 cxd4 20. exd4 Bd6 21. Qe2 Rae8 22. Bb3 a5 23. Nf3 a4 24. Bc4 a3 25. b4 Qc7 26. Ne5 Ba4 27. Rd2 Bxe5 28. dxe5 b5 29. Bxb5 Bxb5 30. Qxb5 Qxc3 31. Rd7 Rb8 32. Qa6 Qxe5 33. Qxa3 Qb5 34. Rfd1 Qxb4 35. Qa7 Qb2 36. R7d2 Qf6 37. Qd7 e5 38. Rd6 Qg5 39. a4 e4 40. a5 f4 41. R6d5 Qf6 42. Rd6 Qc3 43. a6 f3 44. Qg4 f2 45. Qe2 Qe5 46. a7 Qxd6 47. axb8Q Qxb8 48. Rf1 Qf4 49. g4 Qg3 0-1